000 00416nam a2200181Ia 4500
001 3295
005 20260306145633.0
008 260306t2021||||xx |||||||||||||| ||spa||
041 _aESP
082 _a268
_bG77
100 _aGraas, Paul
_eAUT
245 0 _aCristianos en busca de humanidad
260 _c2021
300 _a132 páginas :
_c19 cm.
650 _aGEN
654 _aCHU
942 _cLIB
_dJUS
_fJUS
_2ddc
_n
999 _c3295
_d3295